• 首页
  • 本馆介绍
  • 公告通知
  • 最新文献
  • 馆藏检索
  • 电子资源
  • 读者导购
  • 参考咨询
  • 我的图书馆
  • 登录
  • 详细信息显示
  • 放入我的书架
  • 预约/预借图书
  • 作者相关作品
  • 分类相关作品
  • 丛书相关作品
  • 出版社相关作品

书目信息

  • 表格格式
  • 工作单格式
  • 卡片格式
题名:
土家族
    
 
作者: 覃代伦 著
分册: 32  
出版信息: 北京   中国人口出版社  2014
页数: 129页
开本: 23cm
丛书名: 中国少数民族人口丛书
单 册:
中图分类: K287.3 , K28
科图分类:
主题词: 土家族--民族文化--中国
电子资源:
ISBN: 978-7-5101-2206-4
000 00969oam2 2200301 450
001 2339510853
005 20231128231711.35
010    @a978-7-5101-2206-4@dCNY38.00
100    @a20181129d2014 em y0chiy50 ea
101 0  @achi@eeng
102    @aCN@b110000
105    @aa z 000yy
200 1  @a土家族@Atu jia zu@h32@f覃代伦著
210    @a北京@c中国人口出版社@d2014
215    @a129页@c图,照片@d23cm
225 52 @a中国少数民族人口丛书@f翟振武主编
300    @a国家出版基金项目
307    @a附光盘:ISBN 978-7-900296-25-2
312    @a封面英文题名:The Tujia nationality
330    @a本书介绍了土家族的历史文化、风俗习惯、人文故事等内容,描述和展现了土家族的历史和现状。
410  0 @12001 @a中国少数民族人口丛书
510 1  @aTujia nationality@zeng
606 0  @a土家族@x民族文化@y中国
690    @aK287.3@v5
690    @aK28@v4
701  0 @c(土家)@a覃代伦@Aqin dai lun@f(1963~)@4著
801  0 @aCN@b91MARC@c20181129
905    @aZUCC@dK28@e29:32
    
    土家族.32/覃代伦著.-北京:中国人口出版社,2014
    129页:图,照片;23cm.-(中国少数民族人口丛书/翟振武主编)
    国家出版基金项目
    
    ISBN 978-7-5101-2206-4:CNY38.00
    本书介绍了土家族的历史文化、风俗习惯、人文故事等内容,描述和展现了土家族的历史和现状。
●
相关链接 在五车中查询图书 在当当中查询图书 在豆瓣中查询图书


正题名:土家族     索取号:K28/29:32         预约/预借

序号 登录号 条形码 馆藏地/架位号 状态 备注
1 2001005154   2001005154   第四书库/四33架B面5层3列/ [索取号:K28/29:32] 在馆    
2 2001005155   2001005155   第四书库/四33架B面5层3列/ [索取号:K28/29:32] 在馆    
3 2001005156   2001005156   第四书库/四33架B面5层3列/ [索取号:K28/29:32] 在馆    
4 2001005157   2001005157   第四书库/四33架B面5层3列/ [索取号:K28/29:32] 在馆    
5 2001005158   2001005158   第四书库/四33架B面5层3列/ [索取号:K28/29:32] 在馆    
6 2001005159   2001005159   第四书库/四33架B面5层3列/ [索取号:K28/29:32] 在馆    
山东省滨州职业学院图书馆 欢迎您!
大连网信软件有限公司© 版权所有